KNIGHTS OF THE ROUND TABLE / (Record no. 185775)

MARC details
000 -LEADER
fixed length control field 01765nam a22003731i 4500
003 - CONTROL NUMBER IDENTIFIER
control field OSt
005 - DATE AND TIME OF LATEST TRANSACTION
control field 20211120150017.0
008 - FIXED-LENGTH DATA ELEMENTS--GENERAL INFORMATION
fixed length control field 211028t20212021enka jr6 000 1 eng d
020 ## - INTERNATIONAL STANDARD BOOK NUMBER
International Standard Book Number 9781906814250
Terms of availability RM 38.26
Qualifying information paperback
040 ## - CATALOGING SOURCE
Original cataloging agency PPAK
Language of cataloging eng
Transcribing agency PPAK
Description conventions rda
082 04 - DEWEY DECIMAL CLASSIFICATION NUMBER
Classification number 741.5973
Edition number 23
090 00 - LOCALLY ASSIGNED LC-TYPE CALL NUMBER (OCLC); LOCAL CALL NUMBER (RLIN)
Classification number (OCLC) (R) ; Classification number, CALL (RLIN) (NR) 741.5973
Feature heading PYL
Feature heading K
100 1# - MAIN ENTRY--PERSONAL NAME
Personal name Pyle, Howard,
Relator term author.
245 10 - TITLE STATEMENT
Title KNIGHTS OF THE ROUND TABLE /
Statement of responsibility, etc. Howard Pyle ; Adaptation: John Cooney ; Illustrated by: Alex A. Blum.
246 3# - VARYING FORM OF TITLE
Display text At head of title:
Title proper/short title Classics illustrated featuring Stories by the World's Greatest Authors.
264 #1 - PRODUCTION, PUBLICATION, DISTRIBUTION, MANUFACTURE, AND COPYRIGHT NOTICE
Place of production, publication, distribution, manufacture Newbury, Berkshire :
Name of producer, publisher, distributor, manufacturer CCS Books,
Date of production, publication, distribution, manufacture, or copyright notice 2021
Date of production, publication, distribution, manufacture, or copyright notice ©2021
300 ## - PHYSICAL DESCRIPTION
Extent 48 pages :
Other physical details chiefly colour illustrations ;
Dimensions 25 cm.
336 ## - CONTENT TYPE
Content type term text
Source rdacontent
Content type term still image
Source rdacontent
337 ## - MEDIA TYPE
Media type term unmediated
Source rdamedia
338 ## - CARRIER TYPE
Carrier type term volume
Source rdacarrier
490 1# - SERIES STATEMENT
Series statement Classics illustrated
Volume/sequential designation No. 11
520 ## - SUMMARY, ETC.
Summary, etc. Melville's tale of the whaling industry, and one captain's obsession with revenge against the Great White Whale that took his leg. Classics Illustrated tells this wonderful tale in colourful comic strip form, offering an excellent introduction for younger readers. This edition also includes a biography of Herman Melville and study questions, which can be used both in the classroom or at home to further engage the reader in the work at hand.
521 ## - TARGET AUDIENCE NOTE
Target audience note Primary.
600 10 - SUBJECT ADDED ENTRY--PERSONAL NAME
Personal name Arthur,
Titles and other words associated with a name King
Form subdivision Comic books, strips, etc.
650 10 - SUBJECT ADDED ENTRY--TOPICAL TERM
Topical term or geographic name entry element Knights and knighthood
Form subdivision Comic books, strips, etc.
655 #7 - INDEX TERM--GENRE/FORM
Genre/form data or focus term Graphic novels.
Source of term lcgft
Genre/form data or focus term Comics adaptations.
Source of term lcgft
700 1# - ADDED ENTRY--PERSONAL NAME
Personal name Cooney, John,
Relator term adapter.
Personal name Blum, Alex A.,
Relator term illustrator.
830 #0 - SERIES ADDED ENTRY--UNIFORM TITLE
Uniform title Classics illustrated;
Name of part/section of a work
Volume/sequential designation No. 11
942 ## - ADDED ENTRY ELEMENTS (KOHA)
Source of classification or shelving scheme Dewey Decimal Classification
Koha item type Book
Holdings
Withdrawn Not for loan Current library Shelving location Date acquired Full call number Barcode Date last seen Koha item type Total Checkouts Date last checked out
    Perpustakaan Alor Setar Pinjaman Kanak-kanak 05/01/2022 K 741.5973 PYL A01717026 05/01/2022 Book    
    Perpustakaan Alor Setar Pinjaman Kanak-kanak 05/01/2022 K 741.5973 PYL A01717027 05/01/2022 Book    
    Perpustakaan Awam Sungai Petani Pinjaman Kanak-kanak 05/01/2022 K 741.5973 PYL A01717028 05/01/2022 Book    
    Perpustakaan Kulim Pinjaman Kanak-kanak 05/01/2022 K 741.5973 PYL A01717029 25/06/2023 Book 2 04/06/2023